000 00481nam a22001697a 4500
005 20251108180010.0
008 250721s2023 xx 000 0 ara d
082 1 4 _a709.01/صاح
100 1 _aصاحب، زهير
245 1 0 _aالفنون الفرعونية /
264 1 _aبغداد :
_bدار الرافدين،
_c2023.
300 _a408ص.
650 1 7 _aالفن الفرعوني
650 1 7 _aالعمارة الفرعونية
942 _2ddc
_cBK
999 _c147344
_d147344